LEADER 01517nam a2200349 a 4500 001 000000127253 003 CaOOAMICUS 005 20120123111537.0 008 120123s2011 it u000 u ita r 040 $aPUL$bita 041 1 $aita$hger 082 04$a150 100 1 $aFreud, Sigmund,$d1856-1939.$0(OLS)http://pul/name/1881 245 10$aCompendio di psicanalisi e altri scritti /$cSigmund Freud ; a cura di Roberto Finelli e Paolo Vinci ; traduzioni di Delia Agozzino, ... [et al.]. 250 $aEd. integrale. 260 $aMilano :$bIl Sole 24 ore,$cİ2011$aRoma :$bNewton Compton Editori 300 $a233 p. ;$c22 cm 490 1 $aTutto Freud ;$v9 500 $aEd. speciale per Il Sole 24 Ore. 650 4$aPsicanalisi$xStudi.$0(OLS)http://pul/subject/12450 700 1 $aFinelli, Roberto.$0(OLS)http://pul/name/81154 700 1 $aVinci, Paolo.$0(OLS)http://pul/name/76565 700 1 $aAgozzino, Delia.$0(OLS)http://pul/name/81155 830 0$aTutto Freud ;$v9.$0(OLS)http://pul/title/160403 850 $aPUL 852 $aPUL$W1$xSL Filosofia 3$y81$m150 COLL 5.9$j147153$qDDC 21$B145849$CPULBib$Z2$F145849 $H118681 $82 941 1 $a9 996 $6082$a150$9(OLS)http://pul/classification/361 996 $6245$aCompendio di psicanalisi e altri scritti$9(OLS)http://pul/title/160774 996 $6260$aMilano :$bIl Sole 24 ore$9(OLS)http://pul/publisher/69212 996 $6260$aRoma :$bNewton Compton Editori$9(OLS)http://pul/publisher/68839 LEADER 01141nam a2200301 a 4500 001 000000132052 003 CaOOAMICUS 005 20121210135352.0 008 121210s1992 it u000 u ita r 020 $a88-420-3961-6 040 $aPUL$bita 100 1 $aGargani, Aldo Giorgio,$d1933-2009.$0(OLS)http://pul/name/40987 245 13$aIl testo del tempo /$cAldo Giorgio Gargani. 260 $aRoma ;$aBari :$bLaterza,$c1992. 300 $a137 p. ;$c21 cm 490 1 $aLezioni italiane ;$v02 504 $aBibliografia in nota. 650 4$aFilosofia.$0(OLS)http://pul/subject/362 650 4$aTempo (filosofia).$0(OLS)http://pul/subject/8504 830 0$aLezioni italiane ;$v02.$0(OLS)http://pul/title/65598 850 $aPUL 852 $aPUL$W1$xDP1 Fondo E. Rossi$y115$m1 G 26$j152072$qFondi$B151324$CPULBib$Z2$F151324 $82 941 1 $a1 961 $aSul dorso collocazione ms. di E. Rossi: G 16 1 996 $6020$a88-420-3961-6$9(OLS)http://pul/number/151334 996 $6245$aIl testo del tempo$9(OLS)http://pul/title/166849 996 $6260$aRoma ;$aBari :$bLaterza$9(OLS)http://pul/publisher/57682